| 000 | 00650nam a2200181Ia 4500 | ||
|---|---|---|---|
| 008 | 151202s9999||||xx |||||||||||||| ||und|| | ||
| 082 | _bPNVM-45133 | ||
| 100 | _aपुंडलिक रागिणी. | ||
| 245 | _aअश्विन:एक विलापिका. | ||
| 260 | _b"मौज प्रकाशन गृह,पुणे." | ||
| 260 | _c0 | ||
| 300 | _a116 | ||
| 600 | _aपुंडलिक रागिणी. | ||
| 630 | _aअश्विन:एक विलापिका. | ||
| 700 | _aपुंडलिक रागिणी. | ||
| 730 | _aअश्विन:एक विलापिका. | ||
| 942 | _cBOOK | ||
| 999 |
_c1311084 _d1311081 |
||